| 000 | 00641nam a22001817a 4500 | ||
|---|---|---|---|
| 003 | UA-OsUOA | ||
| 001 | 18179 | ||
| 007 | ta | ||
| 008 | 20040422b un ||||| |||| 00| 0 ukr d | ||
| 100 | _aПогонська В. | ||
| 942 | _cSA | ||
| 040 |
_aUA-OsUOA _cUA-OsUOA _dUA-OsUOA |
||
| 245 |
_aОзивайтеся на чистий колос _b[Про деп. Рівнен. міськ. ради , вчительку укр. мови та літератури ЗОШ №4 Т.Редюк] |
||
| 300 | _aС.3 | ||
| 955 | _a0 | ||
| 773 | 0 |
_w0 _tСім днів _dРівне _d2004 _g№14/ 2 квіт./ |
|
| 650 | 7 |
_aКраєзнавча робота _2UDC |
|
| 999 |
_c304349 _d304349 |
||